000 00597nam a2200217Ia 4500
005 20250923150039.0
008 008 250917s9999 xx 000 0 eng d
037 _aTextual
040 _aDSWL
_beng
_cDSWL
041 _aeng
_2eng
084 _aX.2, N99
_qDSWL
100 _aMisra, S.K.
_9841644
245 0 _aIndian Ecnomy : Its development experience
_c by S.K. Misra
260 _aMumbai
_b Himalaya Pub House
_c1999
300 _a914 p.
365 _aINR
_b225
700 _a V.K. Puri
_9841645
925 _g225
942 _cTEXL
_hX.2, N99
999 _c1458947
_d1458947